Висота (Запис № 17576)

000 -Маркер запису
Контрольне поле сталої довжини 01323nam a22002537a 4500
003 - Належність контрольного номера
Контрольне поле Uzh_bibl
008 - Кодовані дані
Контрольне поле сталої довжини 260430b |||||||| |||| 00| 0 ukr d
020 ## - Індекс ISBN
Ціна 0.80
040 ## - Джерело каталогіз.
Служба первин.кат. укр.
041 ## - Код мови видання
Код мови оригіналу українська
Код мови тексту українська
080 ## - Індекс УДК
Індекс УДК 821(477)
090 ## - Шифри
Поличний індекс 821(477)
Авторський знак Н16
100 ## - Автор
Автор Нагнибіда, Микола
245 ## - Назва
Назва Висота
Фізичний носій Текст
260 ## - Вихідні дані
Місце видання Київ
Видавництво Радянський письменник
Дата видання 1978
300 ## - Фізичний опис
Обсяг 99 с.
Тип одиниці В опр.
520 ## - Анотація
Анотація Однією хз характерних рис творчості Нагнибіди є нетомна поетизація душевної краси людини, її ратних і трудових подвигів. Його ліричний герой сповнений оптимізму і закоханий у дійсність. Поет любить землю України.
521 ## - Примітка про цільове призначення
Примітка про цільове призначення Для широкого кола читачів
546 ## - Примітка про мову
Примітка про мову укр.
650 ## - Тематичні рубрики
Основна рубрика Літературно-художнє видання
Хронологічна підрубрика Не має чітко визначеного часу
Географічна підрубрика Не має чітко визначеного місця
653 ## - Ключові слова
Ключові слова Висота
-- Життя
-- Ідеал
-- Духовність
-- Боротьба
655 ## - Термін індексування — жанр/форма
Жанр/форма Лірика (ліричний вірш)
Типове ділення Лірика
942 ## - ADDED ENTRY ELEMENTS (KOHA)
Джерело класифікації чи схема поличного розташування
Koha item type Книги
Фонди
Статус вилучення Статус втрати/відсутності Джерело класифікації чи схема поличного розташування Статус пошкодження Тип обігу (не для випозичання) Постійне розташування Поточне розташування Розташування у відділі Дата надходження Інвентарний номер Total Checkouts Повний (примірниковий) шифр зберігання Штрих-код Date last seen Дата, для якої чинна ціна заміни Тип одиниці (рівень примірника)
          Публічна бібліотека Публічна бібліотека Абонемент 30/04/2026 389   821(477) 20335 30/04/2026 30/04/2026 Книги

Працює на АБІС Коха